Clips du top 50 de l'année 2009 - Statistiques

Statistiques générales
  • Ce quiz a été pris 226 fois
  • Le résultat moyen est 6 sur 8
Statistiques - réponses
Par images Réponse % Correct
Helmut Fritz - Ça m'énerve
82%
Cœur de pirate - Comme des enfants
80%
Mozart l'Opéra Rock (Florent Mothe) - L'Assasymphonie
79%
Vanessa Paradis - Il y a
79%
Jena Lee - J'aimerais tellement
74%
PZK - Les filles adorent
67%
Tom Frager - Lady Melody
63%
Pep's - Liberta
28%
Aucun quiz correspondant
Distribution des résultats
% des personnes avec chaque résultat
Percentile par nombre de réponses
Votre historique - résultats
Vous n’avez pas pris ce quiz